Statistics for Mountain Ranges on the Map

Click here to take the quiz!

General Stats

  • This quiz has been taken 18,396 times
  • The average score is 9 of 20

Answers on the Map

Answers color-coded by a green-red scale on the quiz's map according to % correct below.
Loading ...
 

Answer Stats

Elevation (ft) Highest Peak Mountain Range % Correct
15,780Mont BlancAlps
93%
22,838AconcaguaAndes
92%
14,440Mt. ElbertRocky Mountains
90%
29,029Mt. EverestHimalayas
90%
6,217Mt. NarodnayaUral Mountains
77%
11,168AnetoPyrenees
70%
6,684Mt. MitchellAppalachian Mountains
68%
13,665ToubkalAtlas Mountains
54%
18,510Mt. ElbrusCaucasus Mountains
53%
14,505Mt. WhitneySierra Nevada
44%
8,711Gerlachovský štítCarpathian Mountains
34%
14,411Mt. RainierCascade Range
30%
20,310DenaliAlaska Range
22%
12,218Aoraki / Mt. CookSouthern Alps
20%
7,310Mt. KosciuszkoGreat Dividing Range
18%
25,289Tirich MirHindu Kush
16%
24,406Jengish ChokusuTian Shan
9%
14,783BelukhaAltai Mountains
9%
25,095Kongur TaghPamir Mountains
8%
8,524Phou BiaAnnamite Range
5%

Score Distribution

Percentile by Number Answered

Percent of People with Each Score

Your Score History

You have not taken this quiz